[Event "XVI Festival Conca della Presolana A"]
[Site "Bratto - Castione della Presolana ITA"]
[Date "1996.08.24"]
[Round "3"]
[White "Mantovani, Renzo"]
[Black "Magalotti, Andrea"]
[Result "1/2-1/2"]
[WhiteElo "2360"]
[BlackElo "2100"]
[PlyCount "116"]
[EventDate "1996.08.22"]

1. d4 Nf6 2. Nf3 e6 3. Bg5 Be7 4. Nbd2 d5 5. e3 h6 6. Bh4 O-O 7. Bd3 c5 8. c3
Nc6 9. O-O b6 10. Re1 Bb7 11. Qb1 Re8 12. a3 Rc8 13. b4 cxb4 14. cxb4 a5 15.
bxa5 Nxa5 16. Ne5 Nc4 17. Bxf6 Bxf6 18. Ndxc4 dxc4 19. Bh7+ Kf8 20. Qxb6 Qxb6
21. Nd7+ Ke7 22. Nxb6 Rc6 23. Reb1 g6 24. Nxc4 Rxc4 25. Rxb7+ Kf8 26. a4 Rec8
27. g3 Kg7 28. a5 Rc1+ 29. Rxc1 Rxc1+ 30. Kg2 Ra1 31. Ra7 Bd8 32. Bxg6 Kxg6 33.
a6 Ra2 34. Rd7 Ba5 35. Rb7 Be1 36. Rb1 Bd2 37. Kf3 Rxa6 38. Rb2 Bc3 39. Rb3 Rc6
40. h4 Ba5 41. Rb5 Bb6 42. Ke4 f5+ 43. Kf3 Rd6 44. Ke2 Kf6 45. Kf3 Ke7 46. Kg2
Kd7 47. Kf3 Kc6 48. Rb1 Rd5 49. Rc1+ Kd7 50. Rb1 Bc7 51. Ra1 Bd8 52. Rb1 Ra5
53. Rb2 Ra3 54. Kg2 Bc7 55. Kh3 Kd6 56. Kg2 Ba5 57. Rb8 Ra2 58. Ra8 Ke7 1/2-1/2

[Event "XVI Festival Conca della Presolana A"]
[Site "Bratto - Castione della Presolana ITA"]
[Date "1996.08.24"]
[Round "3"]
[White "Mione, Dario"]
[Black "Drazic, Sinisa"]
[Result "0-1"]
[WhiteElo "2149"]
[BlackElo "2475"]
[PlyCount "72"]
[EventDate "1996.08.22"]

1. e4 Nf6 2. Nc3 d6 3. d4 g6 4. Be2 Bg7 5. Be3 O-O 6. f4 c6 7. e5 Nd5 8. Nxd5
cxd5 9. Nf3 Nc6 10. c3 f6 11. exd6 Qxd6 12. O-O Bg4 13. Qd2 Rad8 14. Rad1 b6
15. b3 e6 16. h3 Bxf3 17. Bxf3 b5 18. c4 bxc4 19. bxc4 f5 20. c5 Qc7 21. h4 h5
22. Rb1 Rb8 23. Kh1 Bf6 24. Bf2 Qg7 25. Qe2 Qe7 26. Rbe1 Rfe8 27. g3 Qd7 28.
Qd2 Rb4 29. Rb1 Reb8 30. Rxb4 Rxb4 31. Re1 Bxd4 32. Bxd4 Rxd4 33. Qe2 Kf7 34.
Bxh5 Re4 35. Bxg6+ Kxg6 36. h5+ Kh6 0-1

[Event "XVI Festival Conca della Presolana A"]
[Site "Bratto - Castione della Presolana ITA"]
[Date "1996.08.24"]
[Round "3"]
[White "Oppici, Gabriele"]
[Black "Di Lazzaro, Gabriele"]
[Result "1-0"]
[WhiteElo "2055"]
[BlackElo "2095"]
[PlyCount "41"]
[EventDate "1996.08.22"]

1. Nc3 g6 2. h4 d5 3. h5 gxh5 4. e4 dxe4 5. Nxe4 Bf5 6. Ng3 Bg6 7. Nxh5 Qd6 8.
d4 e5 9. Nf3 Nd7 10. Be2 O-O-O 11. c3 Be7 12. Qa4 Kb8 13. dxe5 Nxe5 14. Be3
Nxf3+ 15. Bxf3 a6 16. Rd1 Bd3 17. Qb3 b6 18. Nf4 Nf6 19. Nxd3 Nd7 20. Nb4 Qe5
21. Nc6+ 1-0

[Event "XVI Festival Conca della Presolana A"]
[Site "Bratto - Castione della Presolana ITA"]
[Date "1996.08.24"]
[Round "3"]
[White "Ortega, Lexy"]
[Black "Kojic, Tigran"]
[Result "1-0"]
[WhiteElo "2495"]
[BlackElo "2099"]
[PlyCount "87"]
[EventDate "1996.08.22"]

1. d4 Nf6 2. Nf3 e6 3. Bf4 b6 4. e3 Bb7 5. Nbd2 Be7 6. c3 O-O 7. Bd3 d5 8. Ne5
Nbd7 9. Qf3 Nxe5 10. dxe5 Nd7 11. Qh3 g6 12. Nf3 Nc5 13. Bc2 Bd6 14. Qh6 Ne4
15. Rd1 Qe8 16. a4 f6 17. Bg3 fxe5 18. Bxe5 Qf7 19. h4 Ba6 20. Qf4 Qe8 21. Qh2
Rf5 22. Bxd6 cxd6 23. Nd4 Rf6 24. f3 e5 25. Nb5 Bxb5 26. axb5 Qxb5 27. Rxd5
Qxd5 28. Bxe4 Qa2 29. Bxa8 Qb1+ 30. Kf2 Qxb2+ 31. Kg3 Qxc3 32. Qg1 b5 33. Bd5+
Kg7 34. Qc1 Qc5 35. Qd2 a5 36. Rc1 Qa7 37. Rc6 e4 38. Qc3 b4 39. Rc7+ Kh6 40.
Rxa7 bxc3 41. Bg8 g5 42. Rxh7+ Kg6 43. h5+ Kf5 44. Rc7 1-0

[Event "XVI Festival Conca della Presolana A"]
[Site "Bratto - Castione della Presolana ITA"]
[Date "1996.08.24"]
[Round "3"]
[White "Pegoraro, Nicola"]
[Black "Salami, Marco"]
[Result "0-1"]
[WhiteElo "2034"]
[BlackElo "2245"]
[PlyCount "72"]
[EventDate "1996.08.22"]

1. e4 e6 2. d4 d5 3. e5 c5 4. c3 Nc6 5. Be3 cxd4 6. cxd4 Nge7 7. Nc3 Ng6 8. Nf3
Be7 9. Bd3 Bd7 10. O-O O-O 11. Rc1 Be8 12. Ne2 f6 13. exf6 Bxf6 14. Bb1 a5 15.
Nc3 a4 16. Nxa4 Rxa4 17. Qxa4 Nxd4 18. Qd1 Nxf3+ 19. gxf3 Bxb2 20. Rc2 Ba4 21.
Qd3 Bxc2 22. Qxc2 Be5 23. f4 Bxf4 24. Bxf4 Rxf4 25. Re1 Qg5+ 26. Kf1 Qh4 27.
Re3 Qxh2 28. Qc8+ Nf8 29. Qc2 Rc4 30. Qb3 Qh1+ 31. Ke2 Rc1 32. Bd3 Qf1+ 33. Kf3
Qd1+ 34. Be2 Qh1+ 35. Kf4 Qh2+ 36. Rg3 Qxf2+ 0-1

[Event "XVI Festival Conca della Presolana A"]
[Site "Bratto - Castione della Presolana ITA"]
[Date "1996.08.24"]
[Round "3"]
[White "Piva, Giorgio"]
[Black "Ranieri, Fabrizio"]
[Result "1/2-1/2"]
[WhiteElo "2170"]
[BlackElo "2113"]
[PlyCount "96"]
[EventDate "1996.08.22"]

1. d4 e6 2. c4 d5 3. cxd5 exd5 4. Nc3 Nf6 5. Bg5 Be7 6. e3 O-O 7. Bd3 Nbd7 8.
Qc2 Re8 9. Nf3 Nf8 10. O-O c6 11. Rab1 Ng6 12. Bxf6 Bxf6 13. b4 a6 14. a4 Qd6
15. b5 axb5 16. axb5 Bg4 17. bxc6 bxc6 18. Nd2 Reb8 19. h3 Bd7 20. Na4 Bd8 21.
Nf3 Bc7 22. Nc5 Bc8 23. Rfc1 Rxb1 24. Rxb1 Qf6 25. Qe2 Nh4 26. Nxh4 Qxh4 27.
Qf3 Ra2 28. Bf5 Bxf5 29. Qxf5 g6 30. Qc8+ Kg7 31. Rf1 Qd8 32. Qxd8 Bxd8 33. Rb1
Ra7 34. g3 Be7 35. Nd3 f6 36. Rc1 Ra6 37. Kg2 Kf7 38. Kf3 Ke6 39. h4 Kd7 40.
Rc2 Ra3 41. Nf4 Bd6 42. Kg4 Bxf4 43. Kxf4 Ra1 44. h5 Kc7 45. hxg6 hxg6 46. g4
Rg1 47. Ra2 Kd6 48. Ra6 Rf1 1/2-1/2

[Event "XVI Festival Conca della Presolana A"]
[Site "Bratto - Castione della Presolana ITA"]
[Date "1996.08.24"]
[Round "3"]
[White "Profumo, Alberto"]
[Black "Eynard, Valdo"]
[Result "1-0"]
[WhiteElo "2163"]
[BlackElo "1975"]
[PlyCount "69"]
[EventDate "1996.08.22"]

1. Nf3 d5 2. g3 Nf6 3. Bg2 g6 4. d4 Bg7 5. c4 c6 6. cxd5 cxd5 7. Nc3 O-O 8. Ne5
e6 9. Be3 Nbd7 10. f4 Nxe5 11. dxe5 Ng4 12. Bc5 Qa5 13. b4 Qc7 14. Rc1 Rd8 15.
Bf3 h5 16. h3 Nxe5 17. fxe5 Bxe5 18. g4 Bg3+ 19. Kf1 h4 20. Rg1 Bd7 21. Be3 Qd6
22. Qb3 Qe5 23. Nd1 Rac8 24. Rxc8 Rxc8 25. Qd3 Rc4 26. Bd2 Qa1 27. Kg2 Qxa2 28.
Ne3 Bc6 29. Nxc4 dxc4 30. Qc3 Bf4 31. Rd1 Qa4 32. Rc1 Bxf3+ 33. Kxf3 Qa2 34.
Rc2 Bxd2 35. Rxd2 1-0

[Event "XVI Festival Conca della Presolana A"]
[Site "Bratto - Castione della Presolana ITA"]
[Date "1996.08.24"]
[Round "3"]
[White "Vita, Fabrizio"]
[Black "Ceresoli, Luigi"]
[Result "1/2-1/2"]
[WhiteElo "2013"]
[BlackElo "2087"]
[PlyCount "37"]
[EventDate "1996.08.22"]

1. c4 e5 2. Nc3 Nf6 3. Nf3 Nc6 4. g3 d5 5. cxd5 Nxd5 6. Bg2 Nxc3 7. bxc3 e4 8.
Ng1 f5 9. d3 Bc5 10. Nh3 O-O 11. O-O Qe8 12. dxe4 Be6 13. Ng5 Bc4 14. exf5 Rxf5
15. Qc2 g6 16. Ne4 Bb6 17. Bg5 Qe5 18. Bf4 Qe7 19. h4 1/2-1/2

[Event "XVI Festival Conca della Presolana A"]
[Site "Bratto - Castione della Presolana ITA"]
[Date "1996.08.25"]
[Round "4"]
[White "Ansner, Bjorn"]
[Black "Gandolfo, Marco"]
[Result "1/2-1/2"]
[WhiteElo "2110"]
[BlackElo "1973"]
[PlyCount "61"]
[EventDate "1996.08.22"]

1. d4 g6 2. c4 f5 3. Nc3 Nf6 4. g3 Bg7 5. Bg2 d6 6. Nf3 O-O 7. O-O c6 8. d5
cxd5 9. cxd5 Na6 10. Rb1 Nc5 11. Be3 Bd7 12. Ng5 Rc8 13. Qd2 a5 14. Bd4 h6 15.
Nh3 a4 16. b4 axb3 17. axb3 Qe8 18. f4 Qf7 19. Nf2 b5 20. b4 Na4 21. Nxa4 bxa4
22. b5 Rb8 23. b6 Rb7 24. Rfc1 Rfb8 25. Qa2 Qe8 26. Rc7 Qd8 27. Rxb7 Rxb7 28.
Rb4 Qa8 29. Nd3 Ng4 30. Bxg7 Kxg7 31. Qb2+ 1/2-1/2

[Event "XVI Festival Conca della Presolana A"]
[Site "Bratto - Castione della Presolana ITA"]
[Date "1996.08.25"]
[Round "4"]
[White "Badea, Bela"]
[Black "Belakovskaia, Anjelina"]
[Result "1/2-1/2"]
[WhiteElo "2525"]
[BlackElo "2350"]
[PlyCount "35"]
[EventDate "1996.08.22"]

1. Nf3 Nf6 2. g3 g6 3. Bg2 Bg7 4. O-O O-O 5. d4 d6 6. h3 Nc6 7. c4 e5 8. Nc3
Nd7 9. d5 Ne7 10. e4 a5 11. Ne1 Nc5 12. Be3 b6 13. Qd2 f5 14. exf5 Nxf5 15. Nc2
Nxe3 16. Qxe3 Bf5 17. Ne1 Qf6 18. Rd1 1/2-1/2

[Event "XVI Festival Conca della Presolana A"]
[Site "Bratto - Castione della Presolana ITA"]
[Date "1996.08.25"]
[Round "4"]
[White "Bossi, Alessandro"]
[Black "Everet, Alexandro"]
[Result "1-0"]
[WhiteElo "2009"]
[BlackElo "2130"]
[PlyCount "51"]
[EventDate "1996.08.22"]

1. e4 c5 2. Nf3 Nc6 3. Bb5 e6 4. Bxc6 bxc6 5. e5 Ba6 6. d3 Ne7 7. b3 Nf5 8. Bb2
Be7 9. Nbd2 Rb8 10. Qe2 g5 11. g4 Ng7 12. Ne4 Kf8 13. Nf6 Ne8 14. Ne4 Rg8 15.
Qe3 Rb7 16. c4 h6 17. Ke2 Qa5 18. h4 d5 19. exd6 Nxd6 20. Nxd6 Bxd6 21. hxg5
hxg5 22. Nxg5 Qc7 23. Ne4 Rb6 24. Nf6 Bf4 25. Qxc5+ Bd6 26. Qh5 1-0

[Event "XVI Festival Conca della Presolana A"]
[Site "Bratto - Castione della Presolana ITA"]
[Date "1996.08.25"]
[Round "4"]
[White "Bresciani, Nicola"]
[Black "Bancod, Ronald"]
[Result "1/2-1/2"]
[WhiteElo "2320"]
[BlackElo "2400"]
[PlyCount "88"]
[EventDate "1996.08.22"]

1. e4 c5 2. Nf3 d6 3. d4 cxd4 4. Nxd4 Nf6 5. Nc3 g6 6. Be3 Bg7 7. f3 O-O 8. Qd2
Nc6 9. g4 Nxd4 10. Bxd4 Be6 11. Nd5 Bxd5 12. exd5 Rc8 13. h4 e5 14. dxe6 fxe6
15. h5 gxh5 16. gxh5 Nd5 17. Qg2 Rf7 18. h6 Rxc2 19. Qxc2 Bxd4 20. Bc4 Qa5+ 21.
Ke2 Nf4+ 22. Kf1 d5 23. Be2 Rc7 24. Qd1 Be3 25. Rh4 e5 26. Bd3 Qb6 27. Be2 d4
28. b3 Rc6 29. Bc4+ Rxc4 30. bxc4 Qb2 31. Rg4+ Kh8 32. Qe1 Qh2 33. Rxf4 exf4
34. Rd1 Qxh6 35. Ke2 Qh2+ 36. Kd3 Qxa2 37. Qb4 Kg7 38. Qxb7+ Kf6 39. Qc6+ Ke5
40. Qd5+ Kf6 41. Qc6+ Ke5 42. Qd5+ Kf6 43. Qc6+ Ke5 44. Qb5+ Kf6 1/2-1/2

[Event "XVI Festival Conca della Presolana A"]
[Site "Bratto - Castione della Presolana ITA"]
[Date "1996.08.25"]
[Round "4"]
[White "Caruso, Daniele"]
[Black "Vita, Fabrizio"]
[Result "0-1"]
[WhiteElo "2155"]
[BlackElo "2013"]
[PlyCount "98"]
[EventDate "1996.08.22"]

1. e4 c5 2. Nf3 d6 3. Bb5+ Bd7 4. Bxd7+ Nxd7 5. O-O Ngf6 6. Qe2 e6 7. b3 Be7 8.
Bb2 O-O 9. c4 a6 10. d4 cxd4 11. Nxd4 Qb6 12. Rd1 Rfe8 13. Nc3 Rad8 14. Nc2 Qc6
15. Rac1 Nc5 16. f3 Nfd7 17. Kh1 Nb6 18. Ne3 Bf6 19. b4 Ncd7 20. b5 Qc5 21. a4
Bg5 22. Re1 Bxe3 23. Qxe3 Qxe3 24. Rxe3 Nxc4 25. Re2 Nc5 26. Ba1 Nb3 27. Rd1
Rc8 28. Na2 axb5 29. axb5 Rc5 30. b6 Nxa1 31. Rxa1 Ra8 32. Rb1 Kf8 33. Kg1 Ke7
34. Nb4 Kd7 35. Nd3 Rc6 36. Nf4 Rxb6 37. Rxb6 Nxb6 38. Nh5 Rg8 39. Rb2 Kc7 40.
Rc2+ Kb8 41. Rb2 Kc7 42. Rc2+ Kb8 43. Rb2 Nd7 44. Rd2 Kc7 45. Rc2+ Nc5 46. Kf2
b5 47. Ke3 b4 48. Kd2 b3 49. Rb2 Ra8 0-1

[Event "XVI Festival Conca della Presolana A"]
[Site "Bratto - Castione della Presolana ITA"]
[Date "1996.08.25"]
[Round "4"]
[White "Castaldo, Folco"]
[Black "Oppici, Gabriele"]
[Result "0-1"]
[WhiteElo "1987"]
[BlackElo "2055"]
[PlyCount "90"]
[EventDate "1996.08.22"]

1. e4 g6 2. d4 Bg7 3. Nc3 c6 4. Nf3 d5 5. h3 Nf6 6. Bd3 dxe4 7. Nxe4 Nxe4 8.
Bxe4 Nd7 9. O-O Qc7 10. c3 O-O 11. Re1 e5 12. Bc2 exd4 13. Nxd4 Nc5 14. Be3 Ne6
15. Nb3 b6 16. Qe2 Bb7 17. a4 c5 18. Qc4 Qc6 19. f3 Qc7 20. Nd2 Rad8 21. Be4
Bc8 22. Rad1 Qe5 23. Nf1 Nc7 24. Bc2 Rxd1 25. Rxd1 Be6 26. Qe4 Qf6 27. Ng3 Qe7
28. Bf4 Ne8 29. Kh1 Nf6 30. Qe2 Qb7 31. Ne4 Nxe4 32. Bxe4 Qc8 33. Qb5 Rd8 34.
Rxd8+ Qxd8 35. Qc6 h6 36. Qb7 Qh4 37. Qxa7 Qxf4 38. Qa8+ Kh7 39. Qb7 Be5 40.
Kg1 Qh2+ 41. Kf1 Qh1+ 42. Ke2 Qxg2+ 43. Kd1 Bf4 44. Bxg6+ Qxg6 45. Qxb6 Qd3+
0-1

[Event "XVI Festival Conca della Presolana A"]
[Site "Bratto - Castione della Presolana ITA"]
[Date "1996.08.25"]
[Round "4"]
[White "Ceresoli, Luigi"]
[Black "Pegoraro, Nicola"]
[Result "1/2-1/2"]
[WhiteElo "2087"]
[BlackElo "2034"]
[PlyCount "87"]
[EventDate "1996.08.22"]

1. e4 c5 2. c3 e5 3. Nf3 Nc6 4. d4 cxd4 5. cxd4 exd4 6. Nxd4 Nf6 7. Nc3 Bb4 8.
Nxc6 dxc6 9. Qxd8+ Kxd8 10. Bg5 h6 11. O-O-O+ Ke7 12. Bh4 g5 13. Bg3 Be6 14. f3
Rhd8 15. a3 Rxd1+ 16. Nxd1 Bc5 17. Bd3 Nh5 18. Bf2 Bxf2 19. Nxf2 Nf4 20. g3 Ng6
21. Kd2 Rd8 22. Ke3 Ne5 23. f4 Ng4+ 24. Nxg4 Bxg4 25. f5 Kf6 26. Bc2 Bh3 27.
Bd1 Ke5 28. Bc2 Rd4 29. Rg1 Bg4 30. Bd3 Bf3 31. Kxf3 Rxd3+ 32. Kg4 Rd4 33. Kh5
Rxe4 34. g4 Re2 35. Kxh6 Kf6 36. h4 Rh2 37. h5 Re2 38. Rd1 Rxb2 39. Rd6+ Ke7
40. Rd3 Kf6 41. Rd6+ Ke7 42. Rd3 Kf6 43. Rd6+ Ke5 44. Rd7 1/2-1/2

[Event "XVI Festival Conca della Presolana A"]
[Site "Bratto - Castione della Presolana ITA"]
[Date "1996.08.25"]
[Round "4"]
[White "Cugini, Verter"]
[Black "Alberton, Roberto"]
[Result "1-0"]
[WhiteElo "2255"]
[BlackElo "2075"]
[PlyCount "85"]
[EventDate "1996.08.22"]

1. e4 g6 2. d4 c6 3. c4 d6 4. Nc3 Bg7 5. Be3 Nf6 6. f3 O-O 7. Qd2 e5 8. O-O-O
Qa5 9. Kb1 Na6 10. Nge2 b5 11. cxb5 cxb5 12. Nd5 b4 13. Nxf6+ Bxf6 14. Nc1 exd4
15. Bxd4 Bxd4 16. Qxd4 Nc5 17. Bc4 Rd8 18. Nb3 Nxb3 19. Bxb3 Be6 20. Bxe6 fxe6
21. h4 Qe5 22. Qxb4 Rab8 23. Qd4 Qxd4 24. Rxd4 Kf7 25. h5 g5 26. Rc1 Rd7 27.
Rc6 Rb6 28. Rxb6 axb6 29. Rb4 Rb7 30. a4 Kf6 31. Rb5 Ra7 32. b3 Rc7 33. Rxb6
Rc3 34. a5 Re3 35. a6 Re1+ 36. Kb2 Re2+ 37. Kc3 Ke5 38. Rb5+ d5 39. Ra5 Re1 40.
Kd2 Rg1 41. a7 Kd4 42. a8=Q Rxg2+ 43. Kc1 1-0

[Event "XVI Festival Conca della Presolana A"]
[Site "Bratto - Castione della Presolana ITA"]
[Date "1996.08.25"]
[Round "4"]
[White "Lagrotteria, Salvatore"]
[Black "Ortega, Lexy"]
[Result "0-1"]
[WhiteElo "2165"]
[BlackElo "2495"]
[PlyCount "86"]
[EventDate "1996.08.22"]

1. Nf3 c5 2. c4 Nc6 3. Nc3 g6 4. g3 Bg7 5. Bg2 e6 6. O-O Nge7 7. d3 O-O 8. Bd2
h6 9. Rb1 d5 10. cxd5 exd5 11. a3 Kh7 12. b4 cxb4 13. axb4 d4 14. Na4 Nd5 15.
b5 Nce7 16. e4 dxe3 17. fxe3 Nf5 18. Qc1 Bd7 19. e4 Nd4 20. Kh1 Rc8 21. Qd1
Nxf3 22. Qxf3 Ne7 23. Bb4 Bd4 24. Qf4 Be6 25. Rbc1 g5 26. Qd2 Rxc1 27. Qxc1 b6
28. Nb2 Qd7 29. Nc4 Rc8 30. Qa3 Ng6 31. Bc3 Bc5 32. Qa1 Qxd3 33. Ne5 Nxe5 34.
Bxe5 Qd7 35. Rd1 Qxb5 36. Bf6 a5 37. h4 g4 38. Qe5 Qe2 39. Rf1 Bf8 40. Qh5 Rc2
41. Rg1 Qf2 42. e5 Bc5 43. Be4+ Kg8 0-1

[Event "XVI Festival Conca della Presolana A"]
[Site "Bratto - Castione della Presolana ITA"]
[Date "1996.08.25"]
[Round "4"]
[White "Lanzani, Mario"]
[Black "Lovati, Paolo"]
[Result "1-0"]
[WhiteElo "2355"]
[BlackElo "1981"]
[PlyCount "29"]
[EventDate "1996.08.22"]

1. e4 e6 2. d4 d5 3. exd5 exd5 4. Nf3 Nf6 5. c4 c6 6. Nc3 h6 7. cxd5 Nxd5 8.
Bc4 Bb4 9. O-O O-O 10. Qb3 Bxc3 11. bxc3 b6 12. Ne5 Be6 13. a4 Qc8 14. f4 b5
15. axb5 1-0

[Event "XVI Festival Conca della Presolana A"]
[Site "Bratto - Castione della Presolana ITA"]
[Date "1996.08.25"]
[Round "4"]
[White "Magalotti, Andrea"]
[Black "Hugony, Fabrizio"]
[Result "1/2-1/2"]
[WhiteElo "2100"]
[BlackElo "2270"]
[PlyCount "90"]
[EventDate "1996.08.22"]

1. e4 c5 2. Nf3 d6 3. d4 cxd4 4. Nxd4 Nf6 5. Nc3 g6 6. Be3 Bg7 7. f3 O-O 8. Bc4
Nc6 9. Qd2 Bd7 10. Bb3 Ne5 11. O-O-O Rc8 12. g4 Nc4 13. Bxc4 Rxc4 14. h4 b5 15.
h5 b4 16. Nd5 e6 17. Nxb4 Qa5 18. a3 Rfc8 19. Kb1 Qc7 20. Rh2 a5 21. Nd3 e5 22.
Nb3 Ra8 23. hxg6 fxg6 24. Nxe5 dxe5 25. g5 Be6 26. gxf6 Bxf6 27. Qd6 Qf7 28.
Nc5 Rd8 29. Qxd8+ Bxd8 30. Rxd8+ Kg7 31. Rd6 Rxc5 32. Bxc5 Qxf3 33. b3 Bg4 34.
Rc6 Qxe4 35. Rc7+ Kf6 36. Rhxh7 Be6 37. Kb2 a4 38. bxa4 Qxa4 39. Bb4 Qb5 40.
Rb7 Qc4 41. Rbc7 Qa2+ 42. Kc1 Qa1+ 43. Kd2 Qd4+ 44. Kc1 Qa1+ 45. Kd2 Qd4+
1/2-1/2

[Event "XVI Festival Conca della Presolana A"]
[Site "Bratto - Castione della Presolana ITA"]
[Date "1996.08.25"]
[Round "4"]
[White "Mantovani, Renzo"]
[Black "Marinescu, Marian"]
[Result "1-0"]
[WhiteElo "2360"]
[BlackElo "2130"]
[PlyCount "45"]
[EventDate "1996.08.22"]

1. e4 c5 2. Nf3 d6 3. d4 cxd4 4. Nxd4 Nf6 5. Nc3 g6 6. g3 Bg7 7. Bg2 Nc6 8.
Nxc6 bxc6 9. e5 Nd5 10. Nxd5 cxd5 11. exd6 Ba6 12. Qxd5 Rc8 13. Bg5 Rxc2 14.
Qc6+ Rxc6 15. Bxc6+ Kf8 16. dxe7+ Qxe7+ 17. Bxe7+ Kxe7 18. O-O-O Rc8 19. Rhe1+
Kf8 20. Kb1 Bxb2 21. Kxb2 Rxc6 22. Rd8+ Kg7 23. Re7 1-0

[Event "XVI Festival Conca della Presolana A"]
[Site "Bratto - Castione della Presolana ITA"]
[Date "1996.08.25"]
[Round "4"]
[White "Mione, Dario"]
[Black "Menoni, Vincenzo"]
[Result "1/2-1/2"]
[WhiteElo "2149"]
[BlackElo "2245"]
[PlyCount "61"]
[EventDate "1996.08.22"]

1. Nf3 Nf6 2. d4 g6 3. Bf4 Bg7 4. Nbd2 O-O 5. e4 d6 6. Bd3 Nh5 7. Bg3 Nxg3 8.
hxg3 c5 9. c3 cxd4 10. cxd4 Nc6 11. Nb3 a5 12. a4 Qb6 13. Bb5 Bg4 14. Qd2 Bxf3
15. gxf3 Nxd4 16. Nxd4 Qxd4 17. Qxd4 Bxd4 18. Rb1 Rac8 19. Bd3 Rc7 20. Ke2 e6
21. Rhc1 Rfc8 22. Rxc7 Rxc7 23. f4 d5 24. exd5 exd5 25. b4 axb4 26. Rxb4 Bc5
27. Rb5 b6 28. a5 bxa5 29. Rxa5 f5 30. f3 Kf7 31. g4 1/2-1/2

[Event "XVI Festival Conca della Presolana A"]
[Site "Bratto - Castione della Presolana ITA"]
[Date "1996.08.25"]
[Round "4"]
[White "Nurkic, Sahbaz"]
[Black "Campini, Marco"]
[Result "1-0"]
[WhiteElo "2405"]
[BlackElo "2123"]
[PlyCount "53"]
[EventDate "1996.08.22"]

1. e4 c5 2. c3 e6 3. d4 b6 4. Nf3 Be7 5. Bd3 Bb7 6. O-O Nf6 7. Qe2 O-O 8. dxc5
bxc5 9. e5 Ne8 10. Nbd2 d5 11. exd6 Nxd6 12. Rd1 Qc8 13. Ne5 g6 14. Ndc4 Nxc4
15. Bxc4 Ba6 16. Bh6 Bxc4 17. Qxc4 Re8 18. Qf4 f6 19. Qe4 fxe5 20. Qxa8 Nc6 21.
Qxc8 Rxc8 22. Rd7 Kf7 23. Rad1 Kf6 24. h4 Kf5 25. f3 a5 26. g4+ Kf6 27. R1d6
1-0

[Event "XVI Festival Conca della Presolana A"]
[Site "Bratto - Castione della Presolana ITA"]
[Date "1996.08.25"]
[Round "4"]
[White "Pagnoncelli, Marco"]
[Black "Kojic, Tigran"]
[Result "0-1"]
[WhiteElo "2105"]
[BlackElo "2099"]
[PlyCount "94"]
[EventDate "1996.08.22"]

1. e4 e5 2. Nf3 Nc6 3. Bb5 a6 4. Bxc6 dxc6 5. d4 exd4 6. Qxd4 Qxd4 7. Nxd4 Bd7
8. Be3 O-O-O 9. Nd2 c5 10. N4b3 b6 11. O-O-O Ne7 12. f4 f6 13. f5 Nc6 14. g4
Ne5 15. Rhg1 h6 16. Kb1 Bd6 17. h4 Bc6 18. Rde1 a5 19. Nc1 Be7 20. Rg2 Be8 21.
Ne2 Bf7 22. Ng1 Rd7 23. Ngf3 Nxf3 24. Nxf3 Rhd8 25. Rd2 Rxd2 26. Bxd2 Be8 27.
Bc3 Bc6 28. Bd2 Bd6 29. g5 hxg5 30. hxg5 Re8 31. gxf6 gxf6 32. Bc3 Bxe4 33.
Bxf6 Kd7 34. Rxe4 Rxe4 35. a3 Rf4 36. Nh4 Rf1+ 37. Ka2 Be7 38. Bxe7 Kxe7 39.
Kb3 b5 40. a4 c4+ 41. Kc3 b4+ 42. Kd2 Rf2+ 43. Kd1 b3 44. cxb3 cxb3 45. Kc1 Kf6
46. Ng6 Kxf5 47. Ne7+ Ke4 0-1

[Event "XVI Festival Conca della Presolana A"]
[Site "Bratto - Castione della Presolana ITA"]
[Date "1996.08.25"]
[Round "4"]
[White "Profumo, Alberto"]
[Black "Ciolac, Gheorghe"]
[Result "1-0"]
[WhiteElo "2163"]
[BlackElo "2405"]
[PlyCount "93"]
[EventDate "1996.08.22"]

1. Nf3 Nf6 2. g3 b6 3. Bg2 Bb7 4. d4 e6 5. O-O Be7 6. c4 O-O 7. Nc3 Ne4 8. Qc2
Nxc3 9. Qxc3 c5 10. Rd1 d6 11. Bf4 cxd4 12. Nxd4 Bxg2 13. Kxg2 a6 14. Qf3 Ra7
15. Nc6 Nxc6 16. Qxc6 Rd7 17. b3 Qa8 18. Qxa8 Rxa8 19. a4 Rc8 20. Ra2 Rc6 21.
e4 g5 22. Be3 Rb7 23. h3 h6 24. Kf3 Kf8 25. Kg4 Bf6 26. h4 b5 27. cxb5 axb5 28.
a5 b4 29. a6 Rb8 30. a7 Ra8 31. hxg5 hxg5 32. Ra4 Bc3 33. Bxg5 Rc7 34. Be3 Ke7
35. f4 Rd7 36. Ra5 Rdd8 37. f5 Rg8+ 38. Kf3 Be5 39. g4 Rgc8 40. Rb5 exf5 41.
exf5 Rc3 42. Rb7+ Kf6 43. Ke4 Re8 44. g5+ Kg7 45. Bd4 Rxb3 46. Rb8 Bxd4+ 47.
Kxd4 1-0

[Event "XVI Festival Conca della Presolana A"]
[Site "Bratto - Castione della Presolana ITA"]
[Date "1996.08.25"]
[Round "4"]
[White "Ranieri, Fabrizio"]
[Black "Pantaleoni, Claudio"]
[Result "0-1"]
[WhiteElo "2113"]
[BlackElo "2235"]
[PlyCount "58"]
[EventDate "1996.08.22"]

1. e4 c5 2. Nf3 e6 3. d4 cxd4 4. Nxd4 a6 5. Nc3 Nc6 6. a3 Qc7 7. Be3 Nf6 8. Be2
Be7 9. Qd2 O-O 10. g4 d5 11. exd5 Nxd5 12. Nxd5 exd5 13. O-O-O Ne5 14. Nf5 Bxf5
15. gxf5 Rfd8 16. Rdg1 Bf6 17. Bd4 Nc4 18. Bxf6 Nxd2 19. Rxg7+ Kf8 20. Rxh7 Ke8
21. Bh5 Ne4 22. Re1 Qf4+ 23. Kb1 Kd7 24. Bxd8 Rxd8 25. Bxf7 Kc6 26. Be6 Qxf2
27. Rc1 Qd4 28. Ka1 Nd2 29. Ka2 Qc4+ 0-1

[Event "XVI Festival Conca della Presolana A"]
[Site "Bratto - Castione della Presolana ITA"]
[Date "1996.08.25"]
[Round "4"]
[White "Salami, Marco"]
[Black "Genocchio, Daniele"]
[Result "1/2-1/2"]
[WhiteElo "2245"]
[BlackElo "2131"]
[PlyCount "47"]
[EventDate "1996.08.22"]

1. e4 e5 2. f4 Nc6 3. Nf3 d6 4. Bc4 Bg4 5. c3 Qd7 6. O-O O-O-O 7. Qa4 a6 8. b4
Bxf3 9. Rxf3 Kb8 10. Qb3 Nf6 11. Bd5 exf4 12. Bxc6 Qxc6 13. d3 g5 14. a4 d5 15.
e5 Nh5 16. d4 Qe6 17. b5 a5 18. b6 c6 19. Ba3 f6 20. Rh3 Ng7 21. Rh6 Qg4 22.
Rxf6 Nf5 23. h3 Qg3 24. Rxf5 1/2-1/2

[Event "XVI Festival Conca della Presolana A"]
[Site "Bratto - Castione della Presolana ITA"]
[Date "1996.08.25"]
[Round "4"]
[White "Sgnaolin, Davide"]
[Black "Griffa, Roberto"]
[Result "1/2-1/2"]
[WhiteElo "2080"]
[BlackElo "1917"]
[PlyCount "36"]
[EventDate "1996.08.22"]

1. e4 c6 2. Nc3 d5 3. Nf3 Bg4 4. h3 Bxf3 5. Qxf3 e6 6. d4 Nf6 7. Bg5 Be7 8.
O-O-O Nxe4 9. Bxe7 Qxe7 10. Nxe4 dxe4 11. Qxe4 Nd7 12. Bc4 O-O-O 13. Rhe1 Nf6
14. Qe5 Nd5 15. Bb3 Qf6 16. Bxd5 Qxe5 17. Rxe5 Rxd5 18. Rxd5 exd5 1/2-1/2